Fighting Cancer (Record no. 75880)

MARC details
000 -LEADER
fixed length control field 00332pam a2200145 a 4500
020 ## - INTERNATIONAL STANDARD BOOK NUMBER
International Standard Book Number 0809437643
Terms of availability
041 ## - LANGUAGE CODE
Language code of text/sound track or separate title eng
082 ## - DEWEY DECIMAL CLASSIFICATION NUMBER
Classification number 616
Item number LIB
100 ## - MAIN ENTRY--PERSONAL NAME
Personal name Library of Health.
245 ## - TITLE STATEMENT
Title Fighting Cancer
Medium Textual Documents
260 ## - PUBLICATION, DISTRIBUTION, ETC.
Place of publication, distribution, etc. [s.l]:
Name of publisher, distributor, etc. Library of Health,
Date of publication, distribution, etc. 1981.
300 ## - PHYSICAL DESCRIPTION
Extent 176.
653 ## - INDEX TERM--UNCONTROLLED
Uncontrolled term Diseases
930 ## - EQUIVALENCE OR CROSS-REFERENCE-UNIFORM TITLE HEADING [LOCAL, CANADA]
Uniform title 2599
Holdings
Withdrawn status Lost status Damaged status Not for loan Collection Home library Current library Date acquired Source of acquisition Cost, normal purchase price Total Checkouts Full call number Barcode Date last seen Copy number Price effective from Koha item type
          Poona College of Pharmacy, Pune Poona College of Pharmacy, Pune 01/08/1987 Kunanal Publishers 236.00   616 LIB PCP-M-19 24/02/2023 1 24/02/2023 Book